LDR 00799naa#a2200181#i#450# 001 RU\\bibl\119897 005 20260704044342.6 011 ## _a2500-4026 100 ## _a20190331b2019####ek#y0rusy0150####ca 101 0# _aRUS 102 ## _aRU 200 1# _aГЕНДЕРНЫЕ ОСОБЕННОСТИ КОПИНГ-СТРАТЕГИЙ КУРСАНТОВ ВЫСШИХ ОБРАЗОВАТЕЛЬНЫХ УЧРЕЖДЕНИЙ МЧС РОССИИ _eЖурнальная статья 210 1# _aЖелезногорск _cФГБОУ ВО Сибирская пожарно-спасательная академия ГПС МЧС России _d2019 215 ## _a5 с. 608 ## _aЖурнальная статья _2local 675 ## _aПсихология. 159.9 _zRUS 700 #1 _aШкроб _gН В 856 4# _aapbt-sibpsa.editorum.ru _u